Tuyển tập văn chương

Saved in:
Bibliographic Details
Format: Book
Language:Undetermined
Published: Tp. HCM Thanh Niên 1999
Subjects:
Tags: Add Tag
No Tags, Be the first to tag this record!
Institutions: Trung tâm Học liệu Trường Đại học Cần Thơ
LEADER 00481nam a2200145Ia 4500
001 CTU_39527
008 210402s9999 xx 000 0 und d
082 |a 808 
082 |b T527/T5 
245 0 |a Tuyển tập văn chương 
260 |a Tp. HCM 
260 |b Thanh Niên 
260 |c 1999 
650 |a vietnamese literature - 20th century - collections,vietnamese literature - 20th century - history and criticism 
980 |a Trung tâm Học liệu Trường Đại học Cần Thơ